Auswanderungen Costa Rica - Statistiken

Allgemein
  • Dieses Quiz wurde 33 mal gespielt
    23 seit der letzten Aktualisierung
  • Das Durchschnittsergebnis liegt bei 11 aus 13
Antwortstatistiken
Platz Land Anzahl % Korrekt
6. Mexiko 3.272
100%
1. Vereinigte Staaten 99.285
100%
9. Deutschland 1.748
96%
4. Kanada 4.206
96%
3. Panama 8.260
96%
8. Brasilien 1.833
91%
12. Frankreich 827
91%
2. Nicaragua 11.283
91%
10. Italien 1.619
87%
5. Spanien 3.459
87%
13. Vereinigtes Königreich 767
83%
7. Chile 1.841
61%
11. Guatemala 1.192
61%
Keine übereinstimmenden Quizze gefunden
Verteilung der Resultate
Anzahl Personen mit jedem Resultat
Perzentil nach korrekt beantworteten Fragen
Ihre Resultats-Entwicklung
Sie haben dieses Quiz seit der letzten Aktualisierung nicht gespielt